000 00664nam a2200289Ia 4500
005 20260324134538.0
008 008 260324s9999 xx 000 0 eng d
020 _a9780203137338
037 _aEBOOK
040 _aCRL
040 _beng
040 _cCRL
041 _2eng
041 _aeng
084 _qCRL
100 _aMatthew Goulish
_91197223
245 0 _a39 Microlectures
245 0 _bIn Proximity of Performance
260 _bTaylor and Francis
260 _c2001
365 _a
365 _b230
856 _uhttp://www.taylorfrancis.com/books/9780203137338
942 _cEBOOK
999 _c1797430
_d1797430